Red Bull Rookies Cup - Statistiques

Statistiques générales
  • Ce quiz a été pris 7 fois
    4 depuis la dernière actualisation
  • Le résultat moyen est 13 sur 54
Statistiques - réponses
Année Champion % Correct
2007 Johann Zarco
100%
2020 Pedro Acosta
100%
Deuxième Pedro Acosta
100%
2024 Alvaro Carpe
67%
Deuxième Alvaro Carpe
67%
Troisième Daniel Holgado
67%
Deuxième David Munoz
67%
Deuxième David Munoz
67%
Troisième Valentin Perrone
67%
2023 Angel Piqueras
33%
2016 Ayumu Sasaki
33%
Troisième Ayumu Sasaki
33%
2018 Can Oncu
33%
Troisième Can Oncu
33%
2021 David Alonso
33%
Deuxième Deniz Oncu
33%
Deuxième Fabio Di Giannantonio
33%
2008 JD Beach
33%
Deuxième Joan Mir
33%
2014 Jorge Martin
33%
Deuxième Jorge Martin
33%
2022 Jose Antonio Rueda
33%
2013 Karel Hanika
33%
Troisième Karel Hanika
33%
2011 Lorenzo Baldassarri
33%
Troisième Raùl Fernandez
33%
Troisième Alan Techer
0%
Deuxième Aleix Viu
0%
Deuxième Aleix Viu
0%
Deuxième Arthur Sissis
0%
2015 Bo Bendsneyder
0%
Deuxième Brian Uriarte
0%
2019 Carlos Tatay
0%
Deuxième Collin Veijer
0%
Troisième Daijiro Hiura
0%
Troisième Daijiro Hiura
0%
Deuxième Danny Kent
0%
2012 Florian Alt
0%
Troisième Haruki Noguchi
0%
Troisième Ivan Ortola
0%
2010 Jacob Gagne
0%
2009 Jakub Kornfeil
0%
2017 Kasuki Masaki
0%
Deuxième Lorenzo Savadori
0%
Deuxième Luis Salom
0%
Troisième Matthew Hoyle
0%
Troisième Maximo Quiles
0%
Troisième Maximo Quiles
0%
Deuxième Scott Deroue
0%
Troisième Stefano Manzi
0%
Troisième Stefano Manzi
0%
Deuxième Sturla Fagerhaug
0%
Troisième Sturla Fagerhaug
0%
Troisième Xavier Artigas
0%
Aucun quiz correspondant
Distribution des résultats
% des personnes avec chaque résultat
Percentile par nombre de réponses
Votre historique - résultats
Vous n’avez pas pris ce quiz depuis la dernière actualisation